All cities in Iceland accepted by CityQuiz (map) - Statistics

General Stats
  • This quiz has been taken 4 times
  • The average score is 30 of 97
Answers on the Map
Answers color-coded by a green-red scale on the quiz's map according to % correct below.
 
Answer Stats
Population Answer % Correct
118,918 Reykjavík
100%
17,693 Akureyri
75%
2,856 Grindavík
75%
2,228 Húsavík
75%
2,624 Ísafjörður
75%
15,930 Keflavík
75%
31,719 Kópavogur
75%
6,612 Akranes
50%
894 Bolungarvík
50%
69 Drangsnes
50%
2,303 Egilsstaðir
50%
11,421 Garðabær
50%
76 Grímsey
50%
26,808 Hafnarfjörður
50%
6,510 Selfoss
50%
4,322 Seltjarnarnes
50%
658 Seyðisfjörður
50%
1,029 Vogar
50%
2,392 Álftanes
25%
15 Arnarstapi
25%
78 Bakkafjörður
25%
86 Bakkagerði
25%
170 Bíldudalur
25%
813 Blönduós
25%
27 Borðeyri
25%
75 Borg
25%
1,759 Borgarnes
25%
130 Breiðdalsvík
25%
252 Búðardalur
25%
1,359 Dalvík
25%
348 Djúpivogur
25%
1,014 Eskifjörður
25%
531 Eyrarbakki
25%
654 Fáskrúðsfjörður
25%
403 Fellabaer
25%
10 Flatey
25%
199 Flateyri
25%
420 Flúðir
25%
1,429 Garður
25%
278 Grenivík
25%
852 Grundarfjörður
25%
528 Grundarhverfi
25%
185 Hafnir
25%
784 Hella
25%
408 Hellissandur
25%
10 Hellnar
25%
41 Hjalteyri
25%
216 Hnífsdalur
25%
1,690 Höfn
25%
181 Hofsós
25%
78 Hólar
25%
391 Hólmavík
25%
171 Hrísey
25%
546 Hvammstangi
25%
251 Hvanneyri
25%
2,288 Hveragerði
25%
902 Hvolsvöllur
25%
119 Kirkjubæjarklaustur
25%
122 Kópasker
25%
1,001 Laugar
25%
106 Laugarás
25%
48 Laugarbakki
25%
147 Laugarvatn
25%
8,651 Mosfellsbær
25%
1,466 Neskaupstaður
25%
4,400 Njarðvík
25%
790 Ólafsfjörður
25%
1,010 Ólafsvík
25%
651 Patreksfjörður
25%
169 Raufarhöfn
25%
1,152 Reyðarfjörður
25%
133 Reykhólar
25%
237 Reykholt
25%
153 Reykjahlíð
25%
163 Rif
25%
1,546 Sandgerði
25%
2,575 Sauðárkrókur
25%
1,190 Siglufjörður
25%
501 Skagaströnd
25%
189 Stöðvarfjörður
25%
465 Stokkseyri
25%
1,108 Stykkishólmur
25%
145 Súðavík
25%
264 Suðureyri
25%
271 Svalbarðseyri
25%
275 Talknafjordur
25%
262 Þingeyri
25%
1,489 Þorlákshöfn
25%
379 Þórshöfn
25%
53 Þykkvibær
25%
128 Varmahlíð
25%
4,219 Vestmannaeyjar
25%
276 Vík í Mýrdal
25%
543 Vopnafjörður
25%
10 Brjánslækur
0%
112 Litli-Árskógssandur
0%
25 Stafn
0%
No matching quizzes found
Score Distribution
Percent of People with Each Score
Percentile by Number Answered
Your Score History
You have not taken this quiz